| 000 | 00782nam a2200253Ia 4500 | ||
|---|---|---|---|
| 003 | OSt | ||
| 005 | 20220923224832.0 | ||
| 006 | a|||||r|||| 00| 0 | ||
| 007 | ta | ||
| 008 | 220922b |||||||| |||| 00| 0 hin d | ||
| 024 | _a251,846 | ||
| 037 | _cTextual | ||
| 040 |
_aARTS _cARTS _bhin |
||
| 041 |
_2hin _ahin |
||
| 082 | _aNT44, 152K7;N3 | ||
| 100 | _aजैन, नेमिचन्द्र | ||
| 245 | 0 | _aरंगदर्शन | |
| 246 | _aRangadarshana | ||
| 260 |
_aनयी दिल्ली _b राधाकृष्ण प्रकाशन _c1993 |
||
| 300 |
_a215पृ. _ccm. |
||
| 650 |
_aललित कला _9156314 |
||
| 942 |
_hNT44, 152K7;N3 _cTEXL _2CC |
||
| 999 |
_c374004 _d374004 |
||